00955cam a22002894a 450000100090000000300040000900500170001300800410003001000170007102000150008802000180010303500230012104000460014404200080019004300120019805000210021008200190023110000210025024501210027125000120039226000510040430000370045550400660049265000550055865000290061370000230064214364306OSt20210629090938.0060504s2007 maua b 001 0 eng  a 2006044801 a0205486363 a9780205486366 a(OCoLC)ocm69104338 aDLCcDLCdYDXCPdBAKERdOCLCQdBTCTAdDLC apcc an-us---00aLB2806b.O9 200700a371.2009732221 aOwens, Robert G.10aOrganizational behavior in education :badaptive leadership and school reform /cRobert G. Owens, Thomas C. Valesky. a9th ed. aBoston, MA :bPearson/Allyn and Bacon,cc2007. axxviii, 452 p. :bill. ;c24 cm. aIncludes bibliographical references (p. 425-439) and indexes. 0aSchool management and organizationzUnited States. 0aOrganizational behavior.1 aValesky, Thomas C.